[Event "Zagreb op-B"]
[Site "Zagreb"]
[Date "2012.03.10"]
[Round "7"]
[White "Bilic, Mario"]
[Black "Machata, Martin"]
[Result "0-1"]
[WhiteElo "2296"]
[BlackElo "2218"]
[PlyCount "137"]
[EventDate "2012.03.05"]
[EventType "swiss"]
[EventRounds "9"]
[EventCountry "CRO"]
[SourceTitle "CBM 147 Extra"]
[Source "ChessBase"]
[SourceDate "2012.04.24"]
[SourceVersion "1"]
[SourceVersionDate "2012.04.24"]
[SourceQuality "1"]

1. e4 d5 2. exd5 Nf6 3. d4 Nxd5 4. Nf3 g6 5. Be2 Bg7 6. 0-0 0-0 7. Re1 Nb6 8. a4 a5 9. c3 N8d7 10. Bf4 Nd5 11. Bg3 b6 12. Na3 Bb7 13. Qb3 h6 14. Rad1 e6 15. Ne5 Nxe5 16. dxe5 Qe7 17. Bf3 Rab8 18. Rd4 Ba8 19. Bh4 g5 20. Bg3 Rfd8 21. Qc4 c5 22. Rd3 Nc7 23. Bxa8 Rxa8 24. Red1 Rd5 25. Nc2 Rad8 26. Ne3 Rxd3 27. Rxd3 Rxd3 28. Qxd3 Qe8 29. b3 b5 30. axb5 Qxb5 31. c4 Qc6 32. f4 Ne8 33. fxg5 hxg5 34. Ng4 a4 35. bxa4 Qxa4 36. h3 Qa1+ 37. Kh2 Qd4 38. Qe2 Kh7 39. Bf2 Qf4+ 40. g3 Qc1 41. Be3 Qb1 42. Bxg5 Qf5 43. h4 Kg6 44. Bf4 f6 45. exf6 Bxf6 46. Ne5+ Bxe5 47. Bxe5 Nf6 48. Bxf6 Qxf6 49. Kg2 Kh6 50. h5 Kg7 51. g4 Qf4 52. Kh3 e5 53. Qh2 Qf1+ 54. Kh4 Kf6 55. Qd2 Qh1+ 56. Kg3 Qg1+ 57. Qg2 Qc1 58. Qc6+ Kf7 59. Qd7+ Kg8 60. Qe8+ Kh7 61. Qxe5 Qxc4 62. Kf3 Qd3+ 63. Kf4 Qd2+ 64. Kf5 Qd7+ 65. Kf4 Qd2+ 66. Qe3 Qd6+ 67. Kf3 Qf6+ 68. Kg3 Qd6+ 69. Kh3 0-1

[Event "Zagreb op-B"]
[Site "Zagreb"]
[Date "2012.03.10"]
[Round "6"]
[White "Stocko, Josip"]
[Black "Bilic, Mario"]
[Result "1/2-1/2"]
[WhiteElo "2207"]
[BlackElo "2296"]
[PlyCount "138"]
[EventDate "2012.03.05"]
[EventType "swiss"]
[EventRounds "9"]
[EventCountry "CRO"]
[SourceTitle "CBM 147 Extra"]
[Source "ChessBase"]
[SourceDate "2012.04.24"]
[SourceVersion "1"]
[SourceVersionDate "2012.04.24"]
[SourceQuality "1"]

1. e4 c5 2. Nc3 Nc6 3. g3 g6 4. Bg2 d6 5. d3 Bg7 6. Nge2 Nf6 7. h3 0-0 8. Be3 e5 9. Qd2 Nd4 10. f4 Nh5 11. Bxd4 cxd4 12. Nd5 Be6 13. Bf3 Bh6 14. Bxh5 gxh5 15. Qb4 Bxd5 16. exd5 Qd7 17. 0-0-0 a5 18. Qd2 Rfc8 19. Kb1 Rc5 20. g4 Rac8 21. Rc1 f5 22. g5 Bg7 23. Ng3 h4 24. Nh5 Qf7 25. Qe2 Qxd5 26. Rhg1 Qe6 27. Qf2 Qg6 28. Qxh4 e4 29. dxe4 fxe4 30. Nf6+ Kh8 31. f5 Rxf5 32. Nxe4 Re5 33. Nf2 Re2 34. Nd3 Qe4 35. Qxe4 Rxe4 36. Rce1 d5 37. Kc1 Rce8 38. Kd2 Bf8 39. c3 dxc3+ 40. bxc3 b5 41. Nf2 Rxe1 42. Rxe1 Rxe1 43. Kxe1 Kg7 44. Ng4 Kg6 45. Nf6 Bg7 46. Nxd5 Kxg5 47. Kf2 Be5 48. Kf3 Kf5 49. Ne3+ Ke6 50. c4 b4 51. Nd5 Kd6 52. Ke4 Bh8 53. Kd3 Kc5 54. Nc7 Be5 55. Ne6+ Kc6 56. Nd8+ Kb6 57. Kc2 a4 58. Ne6 Kc6 59. Ng5 h5 60. Ne4 h4 61. Nf2 Bf6 62. Nd3 Be7 63. Nb2 a3 64. Nd3 Kb6 65. Kb3 Ka5 66. Ne5 Kb6 67. Nd3 Ka5 68. Ne5 Kb6 69. Nd3 Ka5 1/2-1/2

[Event "CRO-chT2 Center"]
[Site "Zagreb"]
[Date "2010.10.10"]
[Round "8.32"]
[White "Trbojevic, Mladen"]
[Black "Bilic, Mario"]
[Result "1-0"]
[WhiteElo "2314"]
[BlackElo "2363"]
[PlyCount "81"]
[EventDate "2010.03.21"]
[EventType "team-tourn"]
[EventRounds "11"]
[EventCountry "CRO"]
[SourceTitle "EXT 2012"]
[Source "ChessBase"]
[SourceDate "2011.11.24"]
[SourceVersion "1"]
[SourceVersionDate "2011.11.24"]
[SourceQuality "1"]

1. e4 c5 2. c3 Nf6 3. e5 Nd5 4. Nf3 e6 5. d4 cxd4 6. cxd4 d6 7. Bc4 Nc6 8. 0-0 Be7 9. Qe2 0-0 10. Nc3 Nxc3 11. bxc3 dxe5 12. dxe5 Qa5 13. Qe4 Rd8 14. Bg5 Bxg5 15. Nxg5 h6 16. Qh7+ Kf8 17. Nf3 Ne7 18. Rad1 Bd7 19. Rd4 Ng6 20. Rg4 Be8 21. h4 Rac8 22. h5 Rxc4 23. Rxc4 Nxe5 24. Nxe5 Qxe5 25. Rg4 f5 26. Rg3 Rd2 27. Qh8+ Kf7 28. Re3 Qf6 29. Rfe1 Rd6 30. Rg3 f4 31. Rg4 f3 32. Ree4 Rd1+ 33. Kh2 Rd5 34. Rxe6 Kxe6 35. Qxe8+ Kd6 36. Rg6 Rxh5+ 37. Kg1 Rg5 38. Rxf6+ gxf6 39. Qd8+ Ke5 40. Qd4+ Kf5 41. Qd5+ 1-0

[Event "Internet Section 07B g/8'+2\""]
[Site "Dos Hermanas"]
[Date "2004.03.07"]
[Round "3"]
[White "Bilic, Mario"]
[Black "Fancsy, Imre"]
[Result "1-0"]
[WhiteElo "2359"]
[BlackElo "2409"]
[PlyCount "105"]
[EventDate "2004.03.07"]
[EventType "swiss (blitz)"]
[EventRounds "9"]
[EventCountry "ESP"]
[SourceTitle "CBM 099 Extra"]
[Source "ChessBase"]
[SourceDate "2004.05.04"]
[SourceVersion "1"]
[SourceVersionDate "2004.05.04"]
[SourceQuality "1"]

1. e4 c5 2. Nf3 e6 3. d4 cxd4 4. Nxd4 a6 5. Bd3 Nf6 6. 0-0 Qc7 7. Re1 Nc6 8. Nxc6 dxc6 9. e5 Nd7 10. Bf4 b5 11. Nc3 Bb7 12. Ne4 c5 13. c4 bxc4 14. Bxc4 Nb6 15. Bf1 Bd5 16. b3 a5 17. Rc1 Bxe4 18. Rxe4 Qd7 19. Qf3 Be7 20. Be3 0-0 21. Rg4 Rfd8 22. Bxc5 Bxc5 23. Rxc5 Qd1 24. Qxd1 Rxd1 25. g3 a4 26. bxa4 Kf8 27. a5 Nd7 28. Rb5 Rc8 29. Kg2 Ra1 30. Rc4 Ra8 31. Rc7 Ke8 32. Rbb7 Nxe5 33. a6 Rxa2 34. a7 Kd8 35. Kh3 Rxf2 36. Rc5 Nd7 37. Rc1 Rf5 38. Rd1 Rd5 39. Rxd5 exd5 40. Bb5 Nb6 41. Rxf7 h6 42. Bc6 Rc8 43. a8Q Nxa8 44. Bxa8 Rxa8 45. Rf8+ Kc7 46. Rxa8 Kc6 47. Kg2 d4 48. Kf2 Kb7 49. Rg8 Kc6 50. Rxg7 Kd5 51. Rg6 Ke4 52. Rxh6 d3 53. Rd6 1-0

[Event "Internet Section 07A g/8'+2\""]
[Site "Dos Hermanas"]
[Date "2004.03.07"]
[Round "2"]
[White "Bilic, Mario"]
[Black "Mamedov, Rauf"]
[Result "0-1"]
[WhiteElo "2359"]
[BlackElo "2452"]
[PlyCount "68"]
[EventDate "2004.03.07"]
[EventType "swiss (blitz)"]
[EventRounds "9"]
[EventCountry "ESP"]
[SourceTitle "CBM 099 Extra"]
[Source "ChessBase"]
[SourceDate "2004.05.04"]
[SourceVersion "1"]
[SourceVersionDate "2004.05.04"]
[SourceQuality "1"]

1. e4 c5 2. Nf3 d6 3. d4 Nf6 4. Nc3 cxd4 5. Nxd4 g6 6. Be3 Bg7 7. f3 0-0 8. Qd2 Nc6 9. Bc4 Bd7 10. h4 Rc8 11. Bb3 h5 12. 0-0-0 Ne5 13. Kb1 Nc4 14. Bxc4 Rxc4 15. Nb3 Be6 16. Bh6 a5 17. Bxg7 Kxg7 18. Nd4 Qb6 19. Rhe1 Rfc8 20. Re3 a4 21. a3 Nd7 22. Nd5 Bxd5 23. exd5 Kf8 24. c3 Nf6 25. Nc2 Rxh4 26. Rde1 Rc7 27. Nb4 Qb5 28. g3 Rhc4 29. R3e2 Ng8 30. Ka2 R4c5 31. Qe3 Qc4+ 32. Kb1 Qb3 33. Rc1 Nf6 34. Qh6+ Kg8 0-1

[Event "Internet Section 06B g/8'+2\""]
[Site "Dos Hermanas"]
[Date "2004.03.07"]
[Round "9"]
[White "Bilic, Mario"]
[Black "Ufodike, Bell"]
[Result "1-0"]
[WhiteElo "2359"]
[BlackElo "2066"]
[PlyCount "81"]
[EventDate "2004.03.06"]
[EventType "swiss (blitz)"]
[EventRounds "9"]
[EventCountry "ESP"]
[SourceTitle "CBM 099 Extra"]
[Source "ChessBase"]
[SourceDate "2004.05.04"]
[SourceVersion "1"]
[SourceVersionDate "2004.05.04"]
[SourceQuality "1"]

1. e4 c5 2. Nf3 d6 3. d4 cxd4 4. Nxd4 Nf6 5. Nc3 a6 6. Be2 e5 7. Nb3 Be7 8. 0-0 0-0 9. Be3 Be6 10. Qd2 Nbd7 11. Rfd1 Rc8 12. a4 Nb6 13. a5 Nc4 14. Bxc4 Rxc4 15. Bb6 Qc8 16. f3 Qc6 17. Nd5 Bxd5 18. exd5 Qd7 19. Nc1 Qf5 20. c3 e4 21. b3 Rcc8 22. c4 exf3 23. Rf1 Ne4 24. Qc2 Qe5 25. Nd3 Qxd5 26. Nb4 Qd2 27. Qxd2 Nxd2 28. Nd5 Bd8 29. Rfd1 Nxb3 30. Ra3 Nc5 31. Rxf3 Bxb6 32. axb6 Rfe8 33. Nc7 Re4 34. Rxd6 Rxc4 35. Nd5 Ne4 36. Ne7+ Kf8 37. Nxc8 Rxc8 38. Rd7 Rc1+ 39. Rf1 Rxf1+ 40. Kxf1 Nc5 41. Rc7 1-0

[Event "Internet Section 06B g/8'+2\""]
[Site "Dos Hermanas"]
[Date "2004.03.06"]
[Round "7"]
[White "Bilic, Mario"]
[Black "Muthusamy, Reubban"]
[Result "1-0"]
[WhiteElo "2359"]
[BlackElo "1983"]
[PlyCount "69"]
[EventDate "2004.03.06"]
[EventType "swiss (blitz)"]
[EventRounds "9"]
[EventCountry "ESP"]
[SourceTitle "CBM 099 Extra"]
[Source "ChessBase"]
[SourceDate "2004.05.04"]
[SourceVersion "1"]
[SourceVersionDate "2004.05.04"]
[SourceQuality "1"]

1. e4 e5 2. Nf3 Nc6 3. Bc4 Nf6 4. d3 Be7 5. 0-0 0-0 6. Re1 d6 7. a4 Kh8 8. a5 a6 9. c3 Ng8 10. d4 Bg4 11. dxe5 Nxe5 12. Be2 Bxf3 13. Bxf3 Bg5 14. Be2 Bxc1 15. Qxc1 f5 16. f4 Nc6 17. exf5 Rxf5 18. b4 Qf6 19. g3 Qf8 20. Bd3 Rf7 21. Nd2 Nf6 22. Nf3 Re8 23. Qc2 Rfe7 24. Rxe7 Rxe7 25. Ng5 h6 26. Nf3 Ng4 27. Nh4 Qf6 28. Ng6+ Kg8 29. Nxe7+ Qxe7 30. Bc4+ Kh8 31. Qe2 Qf6 32. Qe8+ Kh7 33. Bg8+ Kh8 34. Bf7+ Kh7 35. Qg8# 1-0

[Event "Internet Section 06A g/8'+2\""]
[Site "Dos Hermanas"]
[Date "2004.03.06"]
[Round "2"]
[White "Veriguine, Vitali"]
[Black "Bilic, Mario"]
[Result "0-1"]
[WhiteElo "1499"]
[BlackElo "2359"]
[PlyCount "90"]
[EventDate "2004.03.06"]
[EventType "swiss (blitz)"]
[EventRounds "9"]
[EventCountry "ESP"]
[SourceTitle "CBM 099 Extra"]
[Source "ChessBase"]
[SourceDate "2004.05.04"]
[SourceVersion "1"]
[SourceVersionDate "2004.05.04"]
[SourceQuality "1"]

1. e4 c5 2. Nf3 e6 3. Nc3 d6 4. d4 cxd4 5. Nxd4 Nf6 6. Be2 Be7 7. 0-0 0-0 8. Qd3 Nbd7 9. Qg3 Kh8 10. f4 Nc5 11. e5 dxe5 12. Nf3 Nh5 13. Qg4 Nxf4 14. Bxf4 exf4 15. Qxf4 f6 16. Bc4 e5 17. Qg3 Qb6 18. Kh1 Qxb2 19. Nd5 Bd6 20. Nh4 Be6 21. Nf5 Bxf5 22. Rab1 Qxc2 23. Rbc1 Qe4 24. Rfe1 Qg4 25. Ne3 Qxg3 26. hxg3 Be6 27. Bxe6 Nxe6 28. Nf5 Bc5 29. Re4 g6 30. Nh6 Rac8 31. Rec4 f5 32. g4 Kg7 33. gxf5 gxf5 34. g4 Kxh6 35. gxf5 Rxf5 36. Rh4+ Rh5 37. Rxh5+ Kxh5 38. Re1 Bd4 39. Re2 Nf4 40. Rh2+ Kg4 41. Rxh7 e4 42. Rxb7 Kg3 43. Rb3+ e3 44. Rb1 Rh8+ 45. Kg1 e2# 0-1

[Event "CRO-ch"]
[Site "Zagreb"]
[Date "2002.11.29"]
[Round "6"]
[White "Ivanda, Branko"]
[Black "Bilic, Mario"]
[Result "0-1"]
[WhiteElo "2279"]
[BlackElo "2315"]
[PlyCount "148"]
[EventDate "2002.11.24"]
[EventType "swiss"]
[EventRounds "9"]
[EventCountry "CRO"]
[SourceTitle "CBM 091 Extra"]
[Source "ChessBase"]
[SourceDate "2003.01.09"]
[SourceVersion "1"]
[SourceVersionDate "2003.01.09"]
[SourceQuality "1"]

1. d4 Nf6 2. c4 g6 3. Nc3 Bg7 4. e4 d6 5. f3 c6 6. Be3 a6 7. Bd3 0-0 8. Nge2 b5 9. Qd2 Nbd7 10. 0-0 e5 11. d5 bxc4 12. Bxc4 Nb6 13. Bb3 cxd5 14. Nxd5 Nfxd5 15. Bxd5 Nxd5 16. exd5 Bd7 17. Nc3 Qb8 18. Ne4 f5 19. Ng5 f4 20. Bf2 Bf6 21. Ne4 Be7 22. b4 Rc8 23. Rfc1 Qb7 24. a3 Be8 25. g4 Bf7 26. Rxc8+ Rxc8 27. Rd1 g5 28. Kg2 Kg7 29. Qd3 Qb5 30. Qb3 Qc4 31. Qa4 Be8 32. Qa5 Bg6 33. Re1 Qb5 34. Qb6 Qxb6 35. Bxb6 Rc2+ 36. Nf2 Ra2 37. Kg1 Rxa3 38. Kg2 Ra2 39. Kg1 Rb2 40. Ba5 Rb1 41. Rxb1 Bxb1 42. Nd1 Kf7 43. Nc3 Bd3 44. Kf2 Ke8 45. Ke1 Kd7 46. Kd2 Bc4 47. Ke1 h6 48. Kf2 Bf6 49. Bb6 Bg7 50. Ke1 e4 51. Nxe4 Bxd5 52. Kd2 Bf7 53. Bf2 Kc6 54. h4 d5 55. Nc3 Bf8 56. hxg5 hxg5 57. Bd4 Bxb4 58. Bf6 Kc5 59. Kc2 Kc4 60. Ne2 Bg6+ 61. Kd1 Be8 62. Bxg5 d4 63. Nxf4 d3 64. Ng2 Bc6 65. Ne3+ Kb3 66. Nf5 Bxf3+ 67. Kc1 Bxg4 68. Nd4+ Kc4 69. Nc6 Bc3 70. Bd2 Bf6 71. Na5+ Kb5 72. Nb3 Be6 73. Na5 Bd5 74. Kb1 Bd8 0-1

[Event "Zagreb op"]
[Site "Zagreb"]
[Date "1998.01.10"]
[Round "8"]
[White "Bilic, Mario"]
[Black "Loncar, Robert"]
[Result "0-1"]
[WhiteElo "2275"]
[BlackElo "2405"]
[PlyCount "78"]
[EventDate "1998.01.03"]
[EventType "swiss"]
[EventRounds "9"]
[EventCountry "CRO"]
[SourceTitle "CBM 062 Extra"]
[Source "ChessBase"]
[SourceDate "1998.03.09"]
[SourceVersion "1"]
[SourceVersionDate "1998.03.09"]
[SourceQuality "1"]

1. e4 g6 2. d4 Bg7 3. Nc3 d6 4. Nf3 a6 5. Be3 b5 6. a3 Bb7 7. h3 Nd7 8. g4 Ngf6 9. Nd2 e5 10. dxe5 Nxe5 11. g5 Nfd7 12. f4 Nc6 13. Bg2 h6 14. h4 hxg5 15. hxg5 Rxh1+ 16. Bxh1 Nd4 17. Nf1 c5 18. Qd2 Nb6 19. b3 Qe7 20. 0-0-0 0-0-0 21. Ng3 Kb8 22. Nce2 Nc6 23. f5 Be5 24. f6 Qc7 25. Qe1 Bc8 26. Bf3 a5 27. Nh1 a4 28. Nc3 axb3 29. cxb3 Nd4 30. Be2 Nxb3+ 31. Kb1 Bd7 32. Nxb5 Bxb5 33. Bxb5 Qb7 34. Ka2 Qxe4 35. Kxb3 c4+ 36. Kb4 c3+ 37. Ka5 Qa8+ 38. Kxb6 Qa7+ 39. Kc6 Qb7# 0-1

[Event "Zagreb op"]
[Site "Zagreb"]
[Date "1998.01.06"]
[Round "4"]
[White "Bilic, Mario"]
[Black "Jurkovic, Ante"]
[Result "1-0"]
[WhiteElo "2275"]
[BlackElo "2320"]
[PlyCount "123"]
[EventDate "1998.01.03"]
[EventType "swiss"]
[EventRounds "9"]
[EventCountry "CRO"]
[SourceTitle "CBM 062 Extra"]
[Source "ChessBase"]
[SourceDate "1998.03.09"]
[SourceVersion "1"]
[SourceVersionDate "1998.03.09"]
[SourceQuality "1"]

1. e4 e6 2. d4 d5 3. Nd2 Nf6 4. e5 Nfd7 5. f4 c5 6. c3 Nc6 7. Ndf3 cxd4 8. cxd4 Bb4+ 9. Kf2 Be7 10. g3 Nb6 11. Ne2 Bd7 12. Nc3 0-0 13. Bd3 f5 14. h3 Be8 15. Be3 Rc8 16. Rc1 Nb4 17. Bb1 Nc4 18. Qe2 a6 19. Kg2 Bh5 20. Bf2 g5 21. a3 Nc6 22. g4 Bg6 23. h4 fxg4 24. Nxg5 Bxg5 25. Bxg6 Bxf4 26. Qxg4 Bxc1 27. Rxc1 Qe7 28. Bf5+ Kh8 29. Bxe6 Rce8 30. Nxd5 N4xe5 31. Nxe7 Nxg4 32. Bxg4 Rxe7 33. Rc3 Rf4 34. Kg3 Rfe4 35. Bf3 Rg7+ 36. Kh3 Rf4 37. Bg3 Rxd4 38. Bxc6 bxc6 39. Be5 Rd2 40. Bxg7+ Kxg7 41. Rxc6 Rxb2 42. Rxa6 Rb1 43. h5 Rh1+ 44. Kg4 Rg1+ 45. Kf3 Re1 46. h6+ Kf7 47. a4 Re5 48. Kf4 Rc5 49. Ke4 Rc4+ 50. Kd5 Rc1 51. a5 Rd1+ 52. Kc6 Rc1+ 53. Kb7 Rh1 54. Ra8 Kg6 55. a6 Kxh6 56. Rb8 Rb1+ 57. Ka7 Rf1 58. Rb5 Kg6 59. Kb6 Rf6+ 60. Ka5 Rf7 61. Rc5 h5 62. Kb6 1-0

[Event "CRO-chT2"]
[Site "Opatija"]
[Date "1995.??.??"]
[Round "?"]
[White "Bilic, Mario"]
[Black "Bozanic, Ivica"]
[Result "0-1"]
[WhiteElo "2295"]
[BlackElo "2205"]
[PlyCount "134"]
[EventDate "1995.??.??"]
[EventType "team"]
[EventRounds "9"]
[EventCountry "CRO"]
[SourceTitle "EXT 1998"]
[Source "ChessBase"]
[SourceDate "1997.11.17"]
[SourceVersion "1"]
[SourceVersionDate "1997.11.17"]
[SourceQuality "1"]

1. e4 e5 2. Nf3 Nc6 3. Bc4 Nf6 4. Ng5 d5 5. exd5 b5 6. Bf1 h6 7. Nf3 Qxd5 8. Nc3 Qe6 9. Bxb5 Bb7 10. 0-0 0-0-0 11. Re1 Bc5 12. Na4 Be7 13. c3 e4 14. d4 Bd6 15. Nd2 Qf5 16. Qe2 Rhe8 17. Nc5 Bxc5 18. dxc5 Qxc5 19. Nb3 Qh5 20. Qxh5 Nxh5 21. Nc5 f5 22. Bc4 Nf6 23. Be6+ Kb8 24. Nxb7 Kxb7 25. Bxf5 Rd5 26. Bh3 Ne5 27. Rf1 Nd3 28. Be3 c5 29. Rfd1 Kc6 30. Rd2 g5 31. g3 Ne5 32. Rxd5 Nxd5 33. Bg2 Nf3+ 34. Kf1 Nxe3+ 35. fxe3 Rd8 36. Bxf3 exf3 37. Ke1 g4 38. Rc1 Rd3 39. Rc2 Rxe3+ 40. Kf2 Rd3 41. c4 Rd1 42. Ke3 Re1+ 43. Kf2 Re4 44. h3 h5 45. b3 a5 46. hxg4 hxg4 47. Kf1 Rd4 48. Ke1 Re4+ 49. Kf1 a4 50. Rh2 a3 51. Rh6+ Kb7 52. Rh7+ Kb6 53. Rh6+ Ka5 54. Rh8 Kb4 55. Ra8 Re2 56. Ra4+ Kc3 57. Rxa3 Rg2 58. Ra5 Kd4 59. Ra8 Rxg3 60. Rd8+ Kc3 61. Rc8 Rg2 62. Rxc5 Kd4 63. Rc8 Ke3 64. c5 Rc2 65. Re8+ Kf4 66. b4 Kg3 67. Re1 Rh2 0-1

[Event "Lienz op"]
[Site "Lienz"]
[Date "1988.??.??"]
[Round "?"]
[White "Bilic, Mario"]
[Black "Poecksteiner, Johann"]
[Result "1/2-1/2"]
[WhiteElo "2275"]
[BlackElo "2255"]
[PlyCount "69"]
[EventDate "1988.02.??"]
[EventType "swiss"]
[EventRounds "9"]
[EventCountry "AUT"]
[SourceTitle "EXT 1997"]
[Source "ChessBase"]
[SourceDate "1996.11.15"]
[SourceVersion "1"]
[SourceVersionDate "1996.11.15"]
[SourceQuality "1"]

1. e4 c5 2. Nf3 d6 3. d4 cxd4 4. Nxd4 Nf6 5. Nc3 e5 6. Bb5+ Nbd7 7. Nf5 a6 8. Be2 Nc5 9. Bg5 Ncxe4 10. Nxg7+ Bxg7 11. Nxe4 Qa5+ 12. Nc3 Be6 13. 0-0 0-0 14. Qd2 Rfc8 15. Bh6 Ne8 16. Bf3 Rab8 17. Rfd1 Rc4 18. Bxg7 Kxg7 19. Qg5+ Kh8 20. Be4 Qd8 21. Qxd8 Rxd8 22. Bxb7 Rb4 23. Bxa6 Rxb2 24. a4 Rxc2 25. Rdc1 Rxc1+ 26. Rxc1 d5 27. f3 Kg7 28. Bb7 d4 29. Ne4 Nd6 30. Nxd6 Rxd6 31. a5 d3 32. a6 d2 33. Rd1 Bb3 34. Rxd2 Rxd2 35. a7 1/2-1/2